| 000 | 00557nam a2200133Ia 4500 | ||
|---|---|---|---|
| 008 | 170221s9999 xx 000 0 und d | ||
| 100 | _aDavid Weiss. | ||
| 245 | _aInfluencing Healthcare Policy:Implications of State Legislator Information Source Preferences for Public Relations Practitioners and Public Information Officers | ||
| 245 | _cDavid Weiss, Judith M. White Rachel A. Stohr Matt Willis | ||
| 260 | _bOnline Journal of Communication and Media Technologies | ||
| 650 | _xCommunication | ||
| 650 | _xMedia Arts | ||
| 856 | _uhttp://www.ojcmt.net/ | ||
| 999 |
_c312743 _d312743 |
||